Illustration pour NABU 2014/34: BM 43871

Saved in:
Bibliographic Details
Format: Article (Journal) Picture
Language:French
Published: 2014
In: Nouvelles assyriologiques brèves et utilitaires
Year: 2014, Issue: 2, Pages: 1
Online Access: Get full text
Author Notes:[Jeanette C. Fincke]

MARC

LEADER 00000cka a2200000 c 4500
001 1757739157
003 DE-627
005 20250716205929.0
007 cr uuu---uuuuu
008 210512s2014 xx ||| | o ||fre c
035 |a (DE-627)1757739157 
035 |a (DE-599)KXP1757739157 
035 |a (OCoLC)1528006675 
040 |a DE-627  |b ger  |c DE-627  |e rda 
041 |a fre 
084 |a 58  |2 sdnb 
100 1 |a Fincke, Jeanette C.  |d 1964-  |e KünstlerIn  |0 (DE-588)173452949  |0 (DE-627)698366840  |0 (DE-576)134298713  |4 art 
245 1 0 |a Illustration pour NABU 2014/34  |b BM 43871  |c [Jeanette C. Fincke] 
264 1 |c 2014 
300 |a 1 
336 |a unbewegtes Bild  |b sti  |2 rdacontent 
337 |a Computermedien  |b c  |2 rdamedia 
338 |a Online-Ressource  |b cr  |2 rdacarrier 
500 |a Nr. 52 
500 |a Gesehen am 12.05.2021 
773 0 8 |i Enthalten in  |t Nouvelles assyriologiques brèves et utilitaires  |d Paris : NABU, 1987  |g (2014), 2 vom: Juni, Seite 1  |h Online-Ressource  |w (DE-627)718513096  |w (DE-600)2669322-7  |w (DE-576)367701170  |7 nnks  |a Illustration pour NABU 2014/34 BM 43871 
773 1 8 |g year:2014  |g number:2  |g month:06  |g pages:1  |g extent:1  |a Illustration pour NABU 2014/34 BM 43871 
935 |c bild  |c bild 
951 |a AR 
992 |a 20210512 
993 |a Article 
994 |a 2014 
998 |g 173452949  |a Fincke, Jeanette C.  |m 173452949:Fincke, Jeanette C.  |d 70000  |e 70000PF173452949  |k 0/70000/  |p 1  |x j  |y j 
999 |a KXP-PPN1757739157  |e 3927695564 
BIB |a Y 
SER |a journal 
JSO |a {"language":["fre"],"id":{"eki":["1757739157"]},"note":["Nr. 52","Gesehen am 12.05.2021"],"title":[{"title_sort":"Illustration pour NABU 2014/34","subtitle":"BM 43871","title":"Illustration pour NABU 2014/34"}],"relHost":[{"language":["fre"],"id":{"zdb":["2669322-7"],"eki":["718513096"]},"note":["Gesehen am 29.06.2012"],"title":[{"title_sort":"Nouvelles assyriologiques brèves et utilitaires","title":"Nouvelles assyriologiques brèves et utilitaires","subtitle":"NABU"}],"recId":"718513096","part":{"text":"(2014), 2 vom: Juni, Seite 1","issue":"2","pages":"1","extent":"1","year":"2014"},"disp":"Illustration pour NABU 2014/34 BM 43871Nouvelles assyriologiques brèves et utilitaires","pubHistory":["1.1987 -"],"titleAlt":[{"title":"NABU"}],"type":{"media":"Online-Ressource","bibl":"periodical"},"origin":[{"dateIssuedDisp":"1987-","publisher":"NABU","dateIssuedKey":"1987","publisherPlace":"Paris"}],"physDesc":[{"extent":"Online-Ressource"}]}],"name":{"displayForm":["[Jeanette C. Fincke]"]},"origin":[{"dateIssuedDisp":"2014","dateIssuedKey":"2014"}],"type":{"bibl":"article-journal","media":"Online-Ressource"},"physDesc":[{"extent":"1 S."}],"recId":"1757739157","person":[{"display":"Fincke, Jeanette C.","family":"Fincke","given":"Jeanette C.","role":"art"}]} 
SRT |a ILLUSTRATI2014